|
|
|
|
| LEADER |
00000naa a2200000 ar4500 |
| 001 |
vtls009962185 |
| 003 |
SK-MaSNL |
| 005 |
20260309150333.0 |
| 008 |
091021c2002 xo mr|p|||||||000 b|slo |
| 015 |
|
|
|a SNBRA2009/10
|2 snkbucl
|
| 038 |
|
|
|a SNKBUCL
|
| 040 |
|
|
|a SNKBUCL
|b slo
|c SNKBUCL
|e AACR2
|
| 041 |
0 |
|
|a slo
|b eng
|
| 044 |
|
|
|a xo
|c SK
|
| 080 |
|
|
|a 658.8.012.43
|2 2001
|
| 080 |
|
|
|a 339.138:005
|2 2001
|
| 080 |
|
|
|a 005
|2 2001
|
| 100 |
1 |
|
|a Šimo, Dušan,
|d 1940-
|4 aut
|9 115451
|
| 245 |
1 |
0 |
|a Teoretické a metodologické prístupy k marketingovému manažmentu podniku
|c Dušan Šimo
|
| 504 |
|
|
|a Bibliogr. odkazy
|
| 546 |
|
|
|a Res. angl.
|
| 650 |
0 |
7 |
|a marketingový manažment
|2 snkbucl
|9 1715
|
| 773 |
0 |
|
|t Acta oeconomica N° 13
|d Banská Bystrica : Univerzita Mateja Bela, Ekonomická fakulta, 2002
|g S. 140-143
|z 8080555982
|
| 852 |
|
|
|a SNK
|b KIS3GCP
|
| 958 |
|
|
|a NB
|
| 999 |
|
|
|c 3367321
|d 3369251
|